ਛੋਟੀਆਂ ਛੋਟੀਆਂ ਕੀੜੀਆਂ ਵੱਡੇ ਵੱਡੇ ਵਿਚਾਰ / (Record no. 110919)

MARC details
000 -LEADER
fixed length control field 01107nam a22002537a 4500
005 - DATE AND TIME OF LATEST TRANSACTION
control field 20170123164159.0
010 ## - LIBRARY OF CONGRESS CONTROL NUMBER
LC control number B-210352
020 ## - INTERNATIONAL STANDARD BOOK NUMBER
Terms of availability 175.00
035 ## - SYSTEM CONTROL NUMBER
System control number B-210352
037 ## - SOURCE OF ACQUISITION
Source of stock number/acquisition Cen Lib/Ret
040 ## - CATALOGING SOURCE
Original cataloging agency DPL
Language of cataloging PN
082 ## - DEWEY DECIMAL CLASSIFICATION NUMBER
Classification number 080
Item number ਸ਼ਰਮਾ
100 ## - MAIN ENTRY--PERSONAL NAME
Personal name ਸ਼ਰਮਾ, ਟੀ. ਆਰ.
9 (RLIN) 140494
245 ## - TITLE STATEMENT
Title ਛੋਟੀਆਂ ਛੋਟੀਆਂ ਕੀੜੀਆਂ ਵੱਡੇ ਵੱਡੇ ਵਿਚਾਰ /
Statement of responsibility, etc ਟੀ. ਆਰ. ਸ਼ਰਮਾ
246 ## - VARYING FORM OF TITLE
Title proper/short title Chotian chotian keerian bade bade vichar /
Remainder of title by T. R. Sharma
260 ## - PUBLICATION, DISTRIBUTION, ETC. (IMPRINT)
Place of publication, distribution, etc ਚੰਡੀਗੜ੍ਹ
Name of publisher, distributor, etc ਲੋਕਗੀਤ ਪ੍ਰਕਾਸ਼ਨ
Date of publication, distribution, etc 2006
270 ## - ADDRESS
City ਚੰਡੀਗੜ੍ਹ
Address SCO 26-27, Sector 34A
Postal code 160022
300 ## - PHYSICAL DESCRIPTION
Extent 172p .
Dimensions 19cm(hb)
650 ## - SUBJECT ADDED ENTRY--TOPICAL TERM
Topical term or geographic name as entry element ਪੱਤਰਕਾਰੀ - ਭਾਰਤ ਨੂੰ - ਇਤਿਹਾਸ - 19 ਪੱਟੀ.
9 (RLIN) 140495
650 ## - SUBJECT ADDED ENTRY--TOPICAL TERM
Topical term or geographic name as entry element Hindi--journalism
9 (RLIN) 43511
650 ## - SUBJECT ADDED ENTRY--TOPICAL TERM
Topical term or geographic name as entry element Journalism -- India -- History -- 19th century.
9 (RLIN) 140496
650 ## - SUBJECT ADDED ENTRY--TOPICAL TERM
Topical term or geographic name as entry element ਪੰਜਾਬੀ -- ਪੱਤਰਕਾਰੀਤਾ
9 (RLIN) 140497
942 ## - ADDED ENTRY ELEMENTS (KOHA)
Source of classification or shelving scheme Dewey Decimal Classification
Koha item type Punjabi Bks
Classification part 080
Call number suffix ਸ਼ਰਮਾ
Holdings
Withdrawn status Lost status Damaged status Not for loan Home library Current library Date acquired Source of acquisition Cost, normal purchase price Total Checkouts Full call number Barcode Date last seen Copy number Cost, replacement price Price effective from Koha item type
        Central Library Central Library 10/02/2016 Cen Lib/Ret 175.00   080 ਸ਼ਰਮਾ B-210352 10/02/2016 1 175.00 10/02/2016 Punjabi Bks

© Delhi Public Library
Hit Counter
free hit counter